[Event "Prague Golden op"]
[Site "Prague"]
[Date "2021.07.13"]
[Round "4"]
[White "Markin, M."]
[Black "Rehak, Martin"]
[Result "0-1"]
[WhiteElo "1139"]
[BlackElo "1975"]
[PlyCount "50"]
[EventDate "2021.07.10"]
[EventType "swiss"]
[EventRounds "9"]
[EventCountry "CZE"]
[SourceTitle "CBM 203 Extra"]
[Source "ChessBase"]
[SourceDate "2021.09.30"]
[SourceVersion "1"]
[SourceVersionDate "2021.09.30"]
[SourceQuality "1"]

1. e4 g6 2. Nf3 c5 3. d4 cxd4 4. Nxd4 Bg7 5. Nc3 Nc6 6. Nde2 Nf6 7. g3 Rb8 8. a4 a6 9. Bg2 b5 10. axb5 axb5 11. Nd4 Nxe4 12. Ncxb5 Nxd4 13. Nxd4 Nc5 14. c3 e5 15. Nf3 e4 16. Ng5 Nd3+ 17. Kf1 d5 18. f3 Qb6 19. Qd2 h6 20. fxe4 Nxc1 21. Rxc1 Ba6+ 22. Ke1 hxg5 23. exd5 0-0 24. Be4 Rfe8 25. Qg2 Qe3+ 0-1